Cities with over 15 million population - Statistics

General Stats
  • This quiz has been taken 2,572 times
    1,802 since last reset
  • The average score is 20 of 24
Answer Stats
Continent Population Answer % Correct
Asia 40,500,000 Tokyo
98%
North America 21,800,000 New York
96%
Asia 20,000,000 Beijing
95%
Asia 34,100,000 Shanghai
94%
Asia 31,300,000 Delhi
93%
North America 17,600,000 Los Angeles
92%
Europe 17,400,000 Moscow
92%
North America 24,500,000 Mexico City
90%
Asia 25,600,000 Mumbai
89%
South America 22,600,000 Sao Paulo
89%
Africa 21,500,000 Cairo
88%
South America 16,600,000 Buenos Aires
86%
Asia 32,100,000 Jakarta
85%
Africa 20,100,000 Lagos
84%
Asia 47,600,000 Guangzhou
83%
Asia 25,000,000 Seoul
80%
Asia 19,400,000 Bangkok
77%
Asia 26,300,000 Manila
77%
Asia 17,700,000 Kyoto, Kobe, Osaka (Keihanshin)
76%
Asia 16,200,000 Istanbul
74%
Asia 17,000,000 Kolkata
71%
Asia 15,500,000 Tehran
71%
Asia 18,200,000 Karachi
70%
Asia 20,300,000 Dhaka
68%
No matching quizzes found
Score Distribution
Percent of People with Each Score
Percentile by Number Answered
Your Score History
You have not taken this quiz since the last reset